Conferència club : Eustache de Lorey

Publicado: Barcelona : [s.n.] , 1936
Descripción Física: full ; 22 x 15 cm
Idioma: Catalán

MARC

LEADER 00000nam a2200000 a 4500
001 29212
003 AGDB
005 20260324181543.0
008 260109b spa||||| |||| 00| 0 cat d
040 |a agdb  |b cat 
041 |a cat 
245 |a Conferència club : Eustache de Lorey 
260 |a Barcelona :  |b [s.n.],  |c 1936 
300 |a full ;  |c 22 x 15 cm 
500 |a Prové del fons Joan Junyer i Pascual (1909-1994) 
500 |a Nota informativa sobre la figura i obra d'Eustache de Lorey en motiu de la conferència celebrada a Barcelona, l'abril de 1936 
650 |a Fons Joan Junyer i Pascual (1909-1994)  |9 72777 
942 |2 udc  |c ARXIU  |n 1 
952 |0 0  |1 0  |2 udc  |4 0  |6 F504305  |7 1  |9 98900  |a Arxiu  |b Arxiu  |d 2026-01-09  |l 0  |o F-504-305  |p 29212  |r 2026-01-09 11:42:16  |w 2026-01-09  |y ARXIU 
999 |c 130568  |d 130568